| 000 | 00871nam a2200241Ii 4500 | ||
|---|---|---|---|
| 003 | JO-AjNU | ||
| 008 | 230605s9999||||xx |||||||||||||| ||und|| | ||
| 017 | _a2002/14214 | ||
| 020 | _a977-01-8005-X | ||
| 040 |
_aJO-AjNU _bara _erda _cJO-AjNU |
||
| 041 | _aara | ||
| 050 | 1 | 4 | _aBP133.A2288.2005 |
| 100 | 3 |
_aتصنيف ، عبد الصبور مرزوق, _eauthor _916708 |
|
| 245 | 0 | 0 | _aمعجم الأعلام والموضوعات فى القرآن الكريم، مج1، ج2 |
| 250 | _aطبعة خاصة | ||
| 264 | 3 | 1 | _aالقاهرة : دار الشروق، 2002 |
| 300 | _aمج1،ج2، 505ص | ||
| 336 |
_atext _btxt _2rdacontent |
||
| 337 |
_aunmediated _bn _2rdamedia |
||
| 338 |
_avolume _bnc _2rdacarrier |
||
| 490 | 0 | _aسلسلة الأعمال الدينية | |
| 650 | 4 |
_aمعجم الأعلام والموضوعات فى القرآن الكريم _916709 |
|
| 999 |
_aA5011 _c8579 _d8579 |
||